000 00638nam a2200241Ia 4500
003 OSt
005 20220918180124.0
006 a|||||r|||| 00| 0
007 ta
008 220917b |||||||| |||| 00| 0 eng d
024 _a20,734
037 _cTextual
040 _aARTS
_cARTS
_beng
041 _2eng
_aeng
082 _aO:3M09x, J7 (-)
100 _aPoe Edgar Allen
_955692
245 0 _aTales and poems ed by Philip Van Doren Stern
260 _c1957
490 _aViking portable library
650 _aENGLISH LITERATURE
942 _hO:3M09x, J7 (-)
_cTEXL
_2CC
999 _c160382
_d160382